00837nam a22002177a 4500003000900000005001700009008003300026020001600059040002200075082002900097100003100126245009300157260005100250300003000301490005100331500006500382504003200447600006800479650003100547830004100578DO-SdBNP20240725120308.0171120b1997 sp |||| 00| 0 spa d a1563280868  aBPMSUbspacBPMSU 4aPR863. 4bL864b 19972221 aLópez-Baralt, Mercedes 10a El barco en la botella :bla poesía de Luis Palés Matos /cMercedes López-Baralt. aSan Juan, Puerto Rico : bPlaza Mayor, c1997. a313 p. : bil. ;c24 cm. 0 aBiblioteca de autores de Puerto Rico ;aEnsayo aIncluye datos de la autora en la solapa de la contracubierta aBibliografía : p. 293-30414a Matos, Luis Palés d1898-1959xCrítica e interpretación  4aPoesía puertorriqueño  aBiblioteca de autores de Puerto Rico